| 000 | 00789nam a22002537a 4500 | ||
|---|---|---|---|
| 003 | CHAP | ||
| 005 | 20220817042137.0 | ||
| 008 | 971013s1988 r 00010 d | ||
| 010 | _a35956 | ||
| 011 | _a36928 | ||
| 035 | _a41047 | ||
| 040 | _cCHAP | ||
| 082 |
_a341.481 _bO7 |
||
| 110 | _aOrganización de los Estados Americanos | ||
| 245 |
_aDocumentos básicos en materia de derechos humanos en el sistema interamericano _b: actualizado al 1o de mayo de 1988 |
||
| 260 |
_aWashington : _bOEA, _c1988 |
||
| 300 | _a148 p. | ||
| 590 |
_aBATCH-UPD _b10 _c20130110 _lUCH01 _h1717 |
||
| 590 |
_aCONVERSION _b10 _c20130109 _lUCH01 _h1320 |
||
| 650 | 1 | 4 |
_aDerechos humanos. _931916 |
| 901 | _aBK | ||
| 942 | _cLIBRO | ||
| 949 |
_a341.481 O7 _bBC _cLIBRO _d33724000380481 _eLIBRO _h72793 _i41047 _si |
||
| 999 |
_c35956 _d35956 |
||